Competition success review year book 1996 (Record no. 226201)
[ view plain ]
| 000 -LEADER | |
|---|---|
| fixed length control field | 00582nam a22002057a 4500 |
| 005 - DATE AND TIME OF LATEST TRANSACTION | |
| control field | 20230104094057.0 |
| 008 - FIXED-LENGTH DATA ELEMENTS--GENERAL INFORMATION | |
| fixed length control field | 230104b ||||| |||| 00| 0 eng d |
| 040 ## - CATALOGING SOURCE | |
| Transcribing agency | AL |
| 041 ## - LANGUAGE CODE | |
| Language code of text/sound track or separate title | eng |
| 082 ## - DEWEY DECIMAL CLASSIFICATION NUMBER | |
| Edition number | 23 |
| Classification number | 032.02 |
| Item number | SACC |
| 100 ## - MAIN ENTRY--PERSONAL NAME | |
| Personal name | S K Sachdeva |
| 100 ## - MAIN ENTRY--PERSONAL NAME | |
| 9 (RLIN) | 68315 |
| 245 ## - TITLE STATEMENT | |
| Title | Competition success review year book 1996 |
| 260 ## - PUBLICATION, DISTRIBUTION, ETC. | |
| Place of publication, distribution, etc. | New Delhi |
| Name of publisher, distributor, etc. | Competition Review Pvt Ltd |
| Date of publication, distribution, etc. | 1996 |
| 300 ## - PHYSICAL DESCRIPTION | |
| Extent | 826p. |
| Other physical details | PB |
| Dimensions | 19x18cm. |
| 650 ## - SUBJECT ADDED ENTRY--TOPICAL TERM | |
| Topical term or geographic name entry element | International Organisations |
| 9 (RLIN) | 68316 |
| 650 ## - SUBJECT ADDED ENTRY--TOPICAL TERM | |
| Topical term or geographic name entry element | Whos Who |
| 9 (RLIN) | 68317 |
| 650 ## - SUBJECT ADDED ENTRY--TOPICAL TERM | |
| Topical term or geographic name entry element | Our India |
| 9 (RLIN) | 68318 |
| 700 ## - ADDED ENTRY--PERSONAL NAME | |
| Personal name | SACHDEVA (S K) Ed |
| 9 (RLIN) | 68319 |
| 942 ## - ADDED ENTRY ELEMENTS (KOHA) | |
| Source of classification or shelving scheme | Dewey Decimal Classification |
| Koha item type | Donated Books |
| Withdrawn status | Lost status | Source of classification or shelving scheme | Damaged status | Not for loan | Collection code | Home library | Current library | Date acquired | Total Checkouts | Full call number | Barcode | Date last seen | Price effective from | Koha item type |
|---|---|---|---|---|---|---|---|---|---|---|---|---|---|---|
| Dewey Decimal Classification | Others | St Aloysius Library | St Aloysius Library | 11/24/2014 | 032.02 SACC | D05189 | 01/04/2023 | 01/04/2023 | Donated Books |